MDQL
is popping MORE tags! Check the
thread
!
Quizzes
Events
Quiz Creation
Community
Videos
Private Events
Remove Ads
Sign In
Join for FREE
Feedback
Dark Mode
Quiz Categories
Sports
Geography
Music
Movies
Television
Just For Fun
Miscellaneous
History
Literature
Language
Science
Gaming
Entertainment
Religion
Holiday
For Kids
Quiz Lab
Recent
Popular Today
Quiz Kudos Today
Editor Picks
Curator Picks
Quizzes by...
Day
Popularity
Type
Ratings
Length
Year
Community
Subscriptions
Recent Discussions
Orange Saloon
Badges
Playlists
Quests
Create
Leaderboards
Showdown
Live 5
Trivia Bingo
Activity
Puzzle Library
Sporcle Events
Private Events
Virtual Trivia
Globe League
Become a Host
Pub Owners
SporcleCon
Opinionation
Our Games
Videos
Blog
Mobile Apps
Partnerships
Remove Ads and Go Orange
Feedback
Just For Fun
Clickable
Get the Picture
Humor
Quick Pick
Word Ladder
Missing Word
Mixed Word
Blitz
Minefield
This or That
Alphabet
Color
Typing
Sporcle
Puzzle
Word Play
Follow That Line
Logic
Just For Fun
Clickable
Get the Picture
Humor
Quick Pick
Word Ladder
Missing Word
Mixed Word
Blitz
Minefield
This or That
Alphabet
Color
Typing
Sporcle
Puzzle
Word Play
Follow That Line
Logic
Random Quiz
Search Sporcle
×
Quiz Lab
Quiz Lab
Just For Fun
War
Type in answers that appear in a list
Type in answers that appear in a list
Classic
Best Score? Go Orange.
Military Ranks Stats
Can you name the Military Ranks?
By
ss50
10m
29 Questions
795 Plays
795 Plays
795 Plays
Comments
Comments
Give Quiz Kudos
Give Quiz Kudos
-
- Ratings
hide this ad
Replay
Link that replays current quiz
Next Quiz
Link to next quiz in quiz playlist
You Got
0%
They Got
Avg Score
74%
Avg Friend Score
Upgrade to see
Score Distribution
Jump to the score distribution portion of the page
Score
0/29
Timer
10:00
0
Plays Today
Abbreviation
Rank
% Correct
PVT
private
98.6%
GEN
general
93%
CPL
corporal
91.1%
SGT
sergeant
91.1%
MAJ
major
89.9%
PFC
private first class
88.4%
CPT
captain
88.1%
COL
colonel
88.1%
MG
major general
80.5%
1LT
first lieutenant
78.9%
SSG
staff sergeant
78.6%
2LT
second lieutenant
78.4%
LG
lieutenant general
78.2%
LTC
lieutenant colonel
78%
BG
brigadier general
76.2%
Abbreviation
Rank
% Correct
SFC
sergeant first class
75.1%
SGM
sergeant major
74%
1SG
first sergeant
72.8%
GA
5 star general
72.6%
MSG
master sergeant
72.1%
SPC
specialist
71.4%
WO1
warrant officer
69.7%
PV2
private 2
59.9%
CW2
chief warrant officer 2
57%
CW3
chief warrant officer 3
56.6%
CW4
chief warrant officer 4
56.6%
CW5
chief warrant officer 5
56.4%
SMA
sergeant major of the army
50.2%
CSM
command sergeant major
48.6%
Quiz Playlist
Details
Report
Send in Message
Add To Playlist
Classic:
Type in answers that appear in a list
Last Updated: Feb 16, 2017
Quiz Scoreboard
CHALLENGE
Sign Up to Join the Scoreboard
Show All
Scores
Hide
Comments
May contain spoilers
Recently Published
Image Sorting: Flags VI
by Barbecue
Geography
2m
Find the 'City' Movie
by crazypaving
Movies
60s
Colored Red Africa Blitz
by spor1
Geography
45s
More to Explore
Quiz From the Vault
Featured Blog Post
14 Easter Pick-up Lines to Find Eggs With
hide this ad
You Might Also Like...
Tags
War Quiz
Abbreviation
Military
Salary
Today's Top Quizzes in Just For Fun
Browse Just For Fun
hide this ad
Today's Top Quizzes in War
Browse War
Top Contributed Quizzes in Just For Fun
1
Name Just One - 10 to 1: Just For Fun
2
Avatar the Last Airbender: Logic Puzzle
3
Missing Word: 2-Letter A-Z II
4
Missing Letter Whitney Houston Songs
5
It's Magic / Witchcraft 🎩🪄🧙♀️
6
Survivor Winners Logic Puzzle
7
Missing Word: 'Of' Things A-Z
8
01-36 Logic Puzzle I
9
Quick 5-Color Logic (18)
10
Shadowhunters Protagonists Logic Quiz
Explore More
Trending Topics
Disney
Crossword
Harry Potter
Marvel
NBA
Kpop
Anime
NFL
WWE
Country
Pokémon
Soccer
The Office
Puzzle
Song
hide this ad
More By:
ss50
Quiz
Plays
Rating
Category
Featured
Created
Star Wars Planets
1,673
3.42
Movies
Feb 17, 2010
Car Brand Matching
960
1.33
Miscellaneous
Feb 2, 2010
Military Ranks
795
2.00
Just For Fun
Feb 20, 2010
All Car Brands
549
3.67
Just For Fun
Aug 26, 2010
Family Guy Quiz
498
1.57
Television
Mar 7, 2010
Go to Creator's Profile
Score Distribution
Quiz Creator Spotlight
ss50
Follow
Send a Message
Quizzes Created
-
Created Quiz Play Count
-
More By This Creator
Popular Quizzes Today
1
Colored Red Africa Blitz
2
Find the US States - No Outlines Minefield
3
Find the 'City' Movie
4
5x2 Blitz: Bands
5
The Countries of the World
6
Find the US States
7
Find the Countries of Europe - No Outlines Minefield
8
US States
More Just For Fun Quizzes
One-Liners! (X)
Curator's Pick
Trending Quizzes
Colored Red Europe Blitz I
Colored Red Europe Blitz II
Colored Red Africa Blitz II
Colored Red Europe Blitz III
Colored Red Africa Blitz III
Recently Updated
How Do You Spell That?
pecheneg
Godzilla Movies
pecheneg
Grab Bag: 4-10 Letters
pecheneg
2024 March Madness Bracket
pecheneg
Famous TV Couples
Peacemaker
Champions League XIs: Real Madrid
pecheneg
Largest US Cities 1790-2010
pecheneg
Rides in Walt Disney World
pecheneg
Most Oscar Losses (Acting)
pecheneg
Beyoncé Albums
pecheneg
Trending Topics
Crossword
Disney
Kpop
Marvel
Anime
NBA
Harry Potter
The Office
Puzzle
WWE
NFL
Song
Country
Soccer
Pokémon
Your Account Isn't Verified!
In order to create a playlist on Sporcle, you need to verify the email address you used during registration. Go to your
Sporcle Settings
to finish the process.
Report this User
Report this user for behavior that violates our
Community Guidelines
.
Details:
Send Report
Go to the Sporcle.com Mobile Site →
Comments